000 00793nam a22001457a 4500
999 _c519580
_d519580
008 220321b ||||| |||| 00| 0 eng d
100 _aChintala, G.R.
_932554
245 _aRole of micro finance and micro credit in transforming rural India
260 _aKurukshetra
300 _a69(12), Oct, 2021: p.18-22
520 _aMicrodfiance is emerging as a fact growing sector in India. It has transformed lives by mainstreaming rural women and making them partners in the nation building process. A multi pronged strategy is now required for harnessing our demographic divided, unleashing entrepreneurial spared and increasing technological penetration backed by financial literacy in rural areas. – Reproduced
773 _aKurukshetra
906 _aRURAL DEVELOPMENT
942 _cAR